Culiacán International Airport Destinations (Culiacán, Mexico) - Statistics

General Stats
  • This quiz has been taken 36 times
    10 since last reset
  • The average score is 6 of 11
Answer Stats
Airline Destination % Correct
Aeroméxico/Aeroméxico Connect/Viva/Volaris Mexico City
100%
Viva Mexico City (AIFA)
100%
Volaris Guadalajara
89%
Viva/Volaris Monterrey
89%
Viva/Volaris Tijuana
78%
Aero Pacífico/Viva/Volaris San José del Cabo
67%
Viva La Paz
44%
TAR México/Viva Chihuahua
33%
TAR México Hermosillo
22%
Volaris Mexicali
11%
Volaris Phoenix (Sky Harbor)
11%
No matching quizzes found
Score Distribution
Percent of People with Each Score
Percentile by Number Answered
Your Score History
You have not taken this quiz since the last reset